<?xml version="1.0" encoding="UTF-8"?>
<collection xmlns:xsi="http://www.w3.org/2001/XMLSchema-instance" xsi:schemaLocation="http://www.loc.gov/MARC21/slim http://www.loc.gov/standards/marcxml/schema/MARC21slim.xsd" xmlns="http://www.loc.gov/MARC21/slim">
 <record>
  <leader>00000nam a22000004a 4500</leader>
  <controlfield tag="001">UP-8027390931311306004</controlfield>
  <controlfield tag="003">Buklod</controlfield>
  <controlfield tag="005">20241114152341.0</controlfield>
  <controlfield tag="006">m    |o  d |      </controlfield>
  <controlfield tag="007">ta</controlfield>
  <controlfield tag="008">241017s        xxu     r    |||| u|eng d</controlfield>
  <datafield tag="040" ind1="0" ind2=" ">
   <subfield code="a">PHARM</subfield>
   <subfield code="e">rda</subfield>
  </datafield>
  <datafield tag="041" ind1="0" ind2=" ">
   <subfield code="a">eng</subfield>
  </datafield>
  <datafield tag="090" ind1="0" ind2="0">
   <subfield code="a">LG 993.5 2019 </subfield>
   <subfield code="b">B38</subfield>
  </datafield>
  <datafield tag="100" ind1="1" ind2=" ">
   <subfield code="a">Bautista, Carmina Mae S. </subfield>
   <subfield code="e">author</subfield>
  </datafield>
  <datafield tag="245" ind1="1" ind2="0">
   <subfield code="a">Determination of hypoglycenic effect and cytotoxicity of manihot esculenta crantz (fam. euphorbiaceae) aqueous leaf extract abd its fractions in alloxan-induced diabetic mice</subfield>
   <subfield code="c">Carmina Mae S. Bautista ; Bryan M. Amante ; Edwin Ruamero Jr, .</subfield>
  </datafield>
  <datafield tag="300" ind1=" " ind2=" ">
   <subfield code="a">ix, 75 leaves ; </subfield>
   <subfield code="c">29 cm </subfield>
  </datafield>
  <datafield tag="336" ind1=" " ind2=" ">
   <subfield code="a">text</subfield>
   <subfield code="2">rdacontent</subfield>
  </datafield>
  <datafield tag="337" ind1=" " ind2=" ">
   <subfield code="a">unmediated</subfield>
   <subfield code="2">rdamedia</subfield>
  </datafield>
  <datafield tag="338" ind1=" " ind2=" ">
   <subfield code="a">volume</subfield>
   <subfield code="2">rdacarrier</subfield>
  </datafield>
  <datafield tag="502" ind1=" " ind2=" ">
   <subfield code="a">Thesis (Bachelor of Science in Pharmacy)--University of the Philippines Manila, June 2019.</subfield>
  </datafield>
  <datafield tag="506" ind1="1" ind2=" ">
   <subfield code="a">Available only after consultation with author /thesis adviser.</subfield>
  </datafield>
  <datafield tag="506" ind1="1" ind2=" ">
   <subfield code="a">Available only to those bound by confidentiality agreement </subfield>
  </datafield>
  <datafield tag="520" ind1="3" ind2=" ">
   <subfield code="a">Manihot esculent (Crantz) leaves have been used for management diabetes based on cited ethnopharmacological studies. However, scientific evidence to support its efficacy is lacking. The aim of the study was to assess both the in vivo hypoglycemic effect and cytotoxicity of aqueous leaf extract and fractions of the plant in male swiss albino mice. The hypoglycemic activity was examined in alloxan-induced diabetic mice. Cytotoxicity was sereened using CytoTox 96* (Promega), a NonRadioactive Cytotoxicity Assay on liver cancer (HepG2) and normal kidney (HK-2) cell lines. Phytochemical screening identified the composition of the crude extract and its fractions. The aqueous crude extract at dose levels 200 mg/kg and 300 mg/kg body weight showed significant reduction in blood glucose compared to the diabetic control but not exceeding the results of metformin treatment. Five samples were tagged as highly cytotoxic and were flagged for further assays. These samples are: DCM fraction (100 ppm), n- Hexane fraction (1 and 10 ppm), Ethyl acetate fraction (1 ppm), and Aqueous fraction (100 ppm). The phytochemical results showed the presence of alkaloids, anthraquinone glycosides, carbohydrates, phenolic glycosides, saponins, and flavonoids. The effectiveness of crude extract in reduction of blood glucose in mice may be attributed to the synergistic effects of phytochemicals present, especially the alkaloids which were retained in the extract but were undetectable in the fractionated samples. The results of this study also support the findings of existing ethnopharmacological studies on M. esculenta leaf extract as a hypoglycemic agent.</subfield>
  </datafield>
  <datafield tag="650" ind1="0" ind2="0">
   <subfield code="a">Manihot esculenta</subfield>
   <subfield code="x">Hypoglycemic effects </subfield>
   <subfield code="x">Cytotoxicity </subfield>
   <subfield code="x">Diabetic mice.</subfield>
  </datafield>
  <datafield tag="650" ind1="0" ind2="0">
   <subfield code="a">Aqueous extracts </subfield>
   <subfield code="x">Cytotoxicity</subfield>
   <subfield code="x">Diabetes</subfield>
   <subfield code="z">Philippines.</subfield>
  </datafield>
  <datafield tag="700" ind1="1" ind2=" ">
   <subfield code="a">Amante, Bryan M. </subfield>
   <subfield code="e">author.</subfield>
  </datafield>
  <datafield tag="700" ind1="1" ind2=" ">
   <subfield code="a">Ruamero, Edwin Jr. </subfield>
   <subfield code="e">adviser.</subfield>
  </datafield>
  <datafield tag="905" ind1=" " ind2=" ">
   <subfield code="a">FI</subfield>
  </datafield>
  <datafield tag="852" ind1="0" ind2=" ">
   <subfield code="a">UPMNL</subfield>
   <subfield code="b">PHARM</subfield>
   <subfield code="h">LG 993.5 2019</subfield>
   <subfield code="i">B38</subfield>
  </datafield>
  <datafield tag="942" ind1=" " ind2=" ">
   <subfield code="a">Thesis</subfield>
  </datafield>
 </record>
</collection>
